000 00702nam a2200205 a 4500
001 000011160
005 20240412074223.0
008 091014s1999 dr a r 001 p spa d
040 _aDO-SdBNP
_bspa
_cBNPHU
082 _aRD861.44
_bS583c
100 1 _aSilia Eduardo, Florencio,
_d1954-
_926668
245 1 0 _aConsumación de la nostalgia /
_cFlorencio Silia Eduardo ; prólogo Radhamés Reyes-Vásquez.
260 _aMoca :
_bDalis,
_c1999.
300 _a72 p. :
_bil. ;
_c22 cm.
590 _aInventariado, 2018/BT
650 0 _aPoesía dominicana
_966
650 0 _aLiteratura dominicana.
_967
700 1 _aReyes-Vásquez, Radhamés,
_epról.
_926669
910 _aValidado. Control de calidad. MMOLINA
999 _c10885
_d10885